Catalog

Record Details

Catalog Search



Adam-12. Season one  Cover Image DVD DVD

Adam-12. Season one / Universal ; Mark VII Limited.

Summary:

Still mourning the death of his former partner, Officer Pete Malloy is teamed with rookie Jim Reed, and together they serve and protect Los Angeles as Adam-12, their unit's radio call number.

Record details

  • ISBN: 9781417057658
  • ISBN: 1417057653
  • ISBN: 9781417057634
  • ISBN: 1417057637
  • ISBN: 9781417057641
  • ISBN: 1417057645
  • Physical Description: 2 videodiscs (10 hr., 47 min.) : sound, color ; 4 3/4 in.
  • Publisher: Universal City, CA : Universal Studios Home Entertainment, [2005]

Content descriptions

General Note:
Title from container.
Originally broadcast on NBC in the 1968-69 season.
"Classic television"--Container.
Formatted Contents Note:
Disc 1. Log 1. The impossible mission ; Log 141. The color TV bandit ; Log 11. It's just a little dent, isn't it? ; Log 131. Reed, the dicks have their job and we have ours ; Log 5. You're not the first guy's had the problem ; Log 161. And you want me to get married! ; Log 71. I feel like a fool, Malloy ; Log 72. El presidente ; Log 101 ; Log 132. Producer ; Log 111 ; Log 61 ; Log 122 -- Disc 2. Log 81 ; Log 36. Jimmy Eisley's dealing smack ; Log 62. Grand theft horse ; Log 33. It all happened so fast ; Log 112. You blew it ; Log 51. A jumper, code two ; Log 73. I'm still a cop ; Log 102. We can't just walk away from it ; L og 152. A dead cop can't help anyone ; Log 12. He -- he was trying to kill me ; Log 172. Boy -- the things you do for the job ; Log 92. Tell him he pushed back a little too hard ; Log 22. So this little guy goes into this bar, and --
Creation/Production Credits Note:
Created by R.A. Cinader and Jack Webb.
Participant or Performer Note:
Martin Milner, Kent McCord.
Target Audience Note:
Not rated.
System Details Note:
DVD, Dolby digital 2.0 mono., full frame (1.33:1) presentation; NTSC, region 1, double-sided.
Language Note:
Audio tracks in English and Spanish; closed-captioned.
Subject: Police > Drama.
Los Angeles (Calif.) > Drama.
Genre: Television cop shows.
Fiction television programs.
Video recordings for the hearing impaired.
Television series.

Available copies

  • 1 of 1 copy available at scottsboropl.

Holds

  • 0 current holds with 1 total copy.
Show Only Available Copies
Location Call Number / Copy Notes Barcode Shelving Location Status Due Date
scottsboropl DVD Ada 32269001151466 Adult - DVD Available -

LDR 03958ngm a2200781Ia 4500
001154060
003CONS
00520200325101228.0
007vd cvaizm
008050825s2005 cau647 vleng d
010 . ‡a 2013600312
020 . ‡a9781417057658 ‡q(set)
020 . ‡a1417057653 ‡q(set)
020 . ‡a9781417057634 ‡q(disc 1)
020 . ‡a1417057637 ‡q(disc 1)
020 . ‡a9781417057641 ‡q(disc 2)
020 . ‡a1417057645 ‡q(disc 2)
0241 . ‡a025192814327 ‡q(set)
0241 . ‡a025192814129 ‡q(disc 1)
0241 . ‡a025192814228 ‡q(disc 2)
0248 . ‡a00025192814327
02840. ‡a28143 ‡bUniversal Studios Home Entertainment ‡q(set)
02840. ‡a28141 ‡bUniversal Studios Home Entertainment ‡q(disc 1)
02840. ‡a28142 ‡bUniversal Studios Home Entertainment ‡q(disc 2)
035 . ‡a(CPomAG)LMN617803
0411 . ‡aeng ‡aspa ‡jeng ‡heng
043 . ‡an-us-ca
05014. ‡aPN1992.77.A378 ‡bA378 2005 v.1
08204. ‡a791.45/75 ‡222
24510. ‡aAdam-12. ‡nSeason one / ‡cUniversal ; Mark VII Limited.
2463 . ‡aAdam twelve
260 . ‡aUniversal City, CA : ‡bUniversal Studios Home Entertainment, ‡c[2005]
300 . ‡a2 videodiscs (10 hr., 47 min.) : ‡bsound, color ; ‡c4 3/4 in.
336 . ‡atwo-dimensional moving image ‡btdi ‡2rdacontent
337 . ‡avideo ‡bv ‡2rdamedia
338 . ‡avideodisc ‡bvd ‡2rdacarrier
344 . ‡adigital ‡boptical ‡gmono ‡hDolby Digital 2.0 ‡2rda
346 . ‡bNTSC ‡2rda
347 . ‡avideo file ‡bDVD video ‡eregion 1 ‡2rda
380 . ‡aTelevision program
4901 . ‡aUniversal classic television
500 . ‡aTitle from container.
500 . ‡aOriginally broadcast on NBC in the 1968-69 season.
500 . ‡a"Classic television"--Container.
50500. ‡gDisc 1. ‡tLog 1. The impossible mission ; ‡tLog 141. The color TV bandit ; ‡tLog 11. It's just a little dent, isn't it? ; ‡tLog 131. Reed, the dicks have their job and we have ours ; ‡tLog 5. You're not the first guy's had the problem ; ‡tLog 161. And you want me to get married! ; ‡tLog 71. I feel like a fool, Malloy ; ‡tLog 72. El presidente ; ‡tLog 101 ; ‡tLog 132. Producer ; ‡tLog 111 ; ‡tLog 61 ; ‡tLog 122 -- ‡gDisc 2. ‡tLog 81 ; ‡tLog 36. Jimmy Eisley's dealing smack ; ‡tLog 62. Grand theft horse ; ‡tLog 33. It all happened so fast ; ‡tLog 112. You blew it ; ‡tLog 51. A jumper, code two ; ‡tLog 73. I'm still a cop ; ‡tLog 102. We can't just walk away from it ; ‡tL og 152. A dead cop can't help anyone ; ‡tLog 12. He -- he was trying to kill me ; ‡tLog 172. Boy -- the things you do for the job ; ‡tLog 92. Tell him he pushed back a little too hard ; ‡tLog 22. So this little guy goes into this bar, and --
508 . ‡aCreated by R.A. Cinader and Jack Webb.
5111 . ‡aMartin Milner, Kent McCord.
520 . ‡aStill mourning the death of his former partner, Officer Pete Malloy is teamed with rookie Jim Reed, and together they serve and protect Los Angeles as Adam-12, their unit's radio call number.
5218 . ‡aNot rated.
538 . ‡aDVD, Dolby digital 2.0 mono., full frame (1.33:1) presentation; NTSC, region 1, double-sided.
546 . ‡aAudio tracks in English and Spanish; closed-captioned.
650 0. ‡aPolice ‡vDrama.
651 0. ‡aLos Angeles (Calif.) ‡vDrama.
655 7. ‡aTelevision cop shows. ‡2lcgft
655 7. ‡aFiction television programs. ‡2lcgft
655 7. ‡aVideo recordings for the hearing impaired. ‡2lcgft
655 7. ‡aTelevision series. ‡2lcgft
7001 . ‡aMilner, Martin, ‡d1931-2015.
7001 . ‡aMcCord, Kent.
7001 . ‡aCinader, R. A., ‡d1924-1982.
7001 . ‡aWebb, Jack, ‡d1920-1982.
7102 . ‡aUniversal Television (Firm)
7102 . ‡aMark VII Limited.
7102 . ‡aUniversal Studios Home Entertainment (Firm)
830 0. ‡aUniversal classic television.
914 . ‡aSCP_LP
959 . ‡i32269001151466 ‡lDVD Adam-12 (Season 1) ‡aAdult - DVD ‡tDVD ‡g80.00
852 . ‡p32269001151466 ‡jDVD Adam-12 (Season 1) ‡gAdult - DVD ‡cDVD ‡y80.00 ‡bSBPL
901 . ‡a154060 ‡bUnknown ‡c154060 ‡tbiblio

Additional Resources